[Event "Corsica Masters KO"]
[Site "Bastia FRA"]
[Date "2005.11.03"]
[Round "1.1"]
[White "Gurevich,M"]
[Black "Izoria,Z"]
[Result "0-1"]
[WhiteElo "2652"]
[BlackElo "2646"]

1.c4 c6 2.Nf3 d5 3.e3 Nf6 4.Nc3 a6 5.b3 Bf5 6.Be2 e6 7.Nh4 Bg6 8.Nxg6 hxg6
9.d4 Nbd7 10.Bb2 Bd6 11.Qc2 Qe7 12.c5 Bc7 13.f4 g5 14.g3 gxf4 15.exf4 g5
16.fxg5 Bxg3+ 17.Kd1 Ng8 18.Bc1 O-O-O 19.Bxa6 Bh4 20.Nb5 cxb5 21.Bxb5 Nb8
22.Bf4 Bxg5 23.Bd6 Qf6 24.Qc3 Nc6 25.Bxc6 bxc6 26.Be5 Qf2 27.Bxh8 Ne7 28.Be5 Nf5
29.Bg3 Ne3+ 30.Kc1 Nc4+  0-1

[Event "Corsica Masters Prelim"]
[Site "Bastia FRA"]
[Date "2005.11.03"]
[Round "1"]
[White "Izoria,Z"]
[Black "Krivoshey,S"]
[Result "1/2-1/2"]
[WhiteElo "2646"]
[BlackElo "2535"]

1.c4 c6 2.e4 d5 3.exd5 cxd5 4.d4 Nf6 5.Nc3 g6 6.Qb3 Bg7 7.cxd5 O-O 8.Be2 Na6
9.Bf3 Qb6 10.Qxb6 axb6 11.Nge2 Nb4 12.O-O Rd8 13.d6 Rxd6 14.Bf4 Rd7 15.Rfd1 Nfd5
16.Bg3 Nxc3 17.bxc3 Nc6 18.Nf4 Ra5 19.h3 e5 20.dxe5 Nxe5 21.Be2 h5 22.a4 Rxd1+
23.Rxd1 Bd7 24.Rb1 Rxa4 25.Nd5 Ra2 26.Bf1 Be6 27.Nxb6 Bf5 28.Rd1 Rc2 29.c4 Be6
30.Rb1 Nxc4 31.Nxc4 Bxc4 32.Bxc4 Rxc4  1/2-1/2

[Event "World Team Ch"]
[Site "Beer Sheva ISR"]
[Date "2005.11.03"]
[Round "3"]
[White "Nogueiras,J"]
[Black "Zhou Jianchao"]
[Result "0-1"]
[WhiteElo "2547"]
[BlackElo "2516"]

1.c4 c6 2.d4 d5 3.cxd5 cxd5 4.Bf4 Nc6 5.e3 Nf6 6.Nc3 a6 7.Bd3 Bg4 8.f3 Bd7
9.Bg3 e6 10.Nge2 Be7 11.O-O O-O 12.a3 b5 13.b4 Qb6 14.Qb1 h6 15.Rc1 e5 16.Bf2 exd4
17.exd4 Bd6 18.Qb2 Rae8 19.Qd2 Ne7 20.Bc2 Qb8 21.Bg3 Nc8 22.Bb3 Bxg3 23.hxg3 Nb6
24.Re1 Nc4 25.Bxc4 dxc4 26.Nf4 Qd6 27.Ne4 Nxe4 28.fxe4 f6 29.Re3 Rf7 30.Rae1 Bg4
31.Nd5 Rd7 32.Qf2 Be6 33.Nf4 Qxd4 34.e5 Bg4 35.e6 Rde7 36.Kh2 g5 37.Ng6 Rg7
38.Qc2 Bh5  0-1

[Event "2nd Bundesliga Mitte 2005-6"]
[Site "Austria AUT"]
[Date "2005.11.06"]
[Round "4"]
[White "Spirk,S"]
[Black "Trampitsch,H"]
[Result "1/2-1/2"]
[WhiteElo "2113"]
[BlackElo "2076"]

1.c4 c6 2.Nf3 Nf6 3.g3 d5 4.b3 Bf5 5.Bb2 e6 6.Bg2 Be7 7.O-O O-O 8.d4 Nbd7
9.Nbd2 Ne4 10.Ne1 Ndf6 11.Nxe4 Nxe4 12.f3 Nd6 13.c5 Nb5 14.b4 a5 15.a3 axb4
16.axb4 Rxa1 17.Qxa1 Qa8 18.Qc1 Bf6 19.e3 Qa4 20.Qd2 Qa2 21.Rf2 Rd8 22.Bf1 Ra8
23.Bd3 Bxd3 24.Nxd3 Na3 25.Bxa3 Qxd2 26.Rxd2 Rxa3 27.Kf2 Ra1 28.f4 Kf8 29.Rb2 Ke7
30.b5 Kd7 31.bxc6+ Kxc6 32.Kf3 Ra3 33.Ke2 Ra1 34.f5 Kc7 35.Nf4 Ra6 36.h4 g6
37.fxe6 fxe6 38.Kf3 g5 39.hxg5 Bxg5 40.Rb3 h6 41.e4 Bxf4 42.Kxf4 dxe4 43.Kxe4 Ra1
44.Re3 Rd1 45.Ke5 b6 46.cxb6+ Kxb6 47.Rc3 Re1+ 48.Kd6 Kb5 49.Rc5+ Kb4 50.Re5 Rd1
51.Kxe6 Rxd4 52.Kf5 Rd1 53.Re6 Rf1+ 54.Kg4 Rh1 55.Re5 Rc1 56.Kf5 Kc4 57.Re6 Rh1
58.Re4+ Kd5 59.Rf4 Kd6 60.Kf6 Kd5 61.Rg4 Rh3 62.Kf5 Kd6 63.Rg7 Rh1 64.g4 h5
65.gxh5  1/2-1/2

[Event "TCh-CZE Extraliga 2005-6"]
[Site "Czech Rep CZE"]
[Date "2005.11.06"]
[Round "4"]
[White "Jakubiec,A"]
[Black "Meduna,E"]
[Result "1/2-1/2"]
[WhiteElo "2529"]
[BlackElo "2460"]

1.c4 c6 2.Nf3 Nf6 3.Nc3 d5 4.e3 Bg4 5.Qb3 Qb6 6.cxd5 Qxb3 7.axb3 Bxf3 8.gxf3 Nxd5
9.Nxd5 cxd5 10.b4 e6 11.b5 Bd6 12.d4 Bb4+ 13.Kd1 a5 14.bxa6 Nxa6 15.Ra4 Bd6
16.Bd2 Ke7 17.Kc2 Nc7 18.Rxa8 Rxa8 19.Bd3 g6 20.Kb3 h5 21.f4 Kd7 22.Rc1 Ke7
23.f3 f5 24.Be1 Ne8 25.Bh4+ Kf7 26.Be1 Ke7 27.Bd2 Nf6 28.Bb5 Ne8 29.Rg1 Kf7
30.Bd3 Nf6 31.Kc2 Be7 32.Kb1 Rc8 33.b3 Bd6 34.Kb2 Ra8 35.b4 Nd7 36.Kb3 Nb6
37.h3 Rc8 38.Rc1 Rxc1 39.Bxc1 Ke7 40.Bd2 Kd8 41.Be1 Be7 42.Bb5 Nc8 43.Bd3 Nd6
44.Ka4 b6 45.b5 Kd7 46.Kb3 Bf6 47.h4  1/2-1/2

[Event "zt 2.5"]
[Site "Las Condes CHI"]
[Date "2005.11.07"]
[Round "1"]
[White "Espinosa,E"]
[Black "Vasquez,R"]
[Result "0-1"]
[WhiteElo "2386"]
[BlackElo "2506"]

1.c4 c6 2.d4 d5 3.cxd5 cxd5 4.Nf3 Nc6 5.Nc3 Nf6 6.Bf4 a6 7.e3 Bg4 8.h3 Bxf3
9.Qxf3 e6 10.Bd3 h6 11.Rc1 Bd6 12.O-O O-O 13.Bb1 Rc8 14.g4 Bxf4 15.Qxf4 Qe7
16.b3 Rfd8 17.Rfd1 b5 18.Qg3 Rc7 19.Ne2 Rdc8 20.Rc5 Nd8 21.Rxc7 Rxc7 22.Rc1 Rxc1+
23.Nxc1 Nc6 24.f4 Ne4 25.Qe1 Qd6 26.Bxe4 dxe4 27.Qc3 Nb4 28.Qc8+ Qf8 29.Qxf8+ Kxf8
30.Kf2 g5 31.fxg5 hxg5 32.a3 Nc2 33.a4 f5 34.axb5 axb5 35.Ne2 Kf7 36.d5 exd5
37.gxf5 b4 38.Nc1 Kf6 39.Ke2 Kxf5 40.Kd2 Na1 41.Kd1 Ke5 42.Na2 Nxb3 43.Nxb4 Na5
44.Ke2 Kd6 45.Nc2 Nc6 46.Kd2 Ne5 47.Ke2 Nf3 48.Kf2 Kc5 49.Na3 Kb4 50.Nb1 Kb3  0-1

[Event "zt 2.5"]
[Site "Las Condes CHI"]
[Date "2005.11.09"]
[Round "5"]
[White "Needleman,A"]
[Black "Vasquez,R"]
[Result "0-1"]
[WhiteElo "2377"]
[BlackElo "2506"]

1.c4 c6 2.e4 d5 3.exd5 Nf6 4.Nc3 cxd5 5.cxd5 Nxd5 6.Bc4 Nb6 7.Bb3 Nc6 8.Nf3 e5
9.O-O Be7 10.Re1 Bg4 11.h3 Bxf3 12.Qxf3 O-O 13.d3 Kh8 14.Be3 f5 15.Rad1 f4
16.Bxb6 Qxb6 17.Nd5 Qd8 18.Nxe7 Qxe7 19.d4 Qg5 20.dxe5 Nxe5 21.Qxb7 Rae8
22.Re4 Qg6 23.Kh1 f3 24.g3 Nd3 25.Rxd3 Rxe4 26.Qd5 Re1+ 27.Kh2 Re2 28.Rxf3 Rxf2+
29.Rxf2 Rxf2+ 30.Kh1 Qe8  0-1

[Event "WJun"]
[Site "Instanbul TUR"]
[Date "2005.11.12"]
[Round "4"]
[White "Sanikidze,T"]
[Black "Kharitonov,Alexandr"]
[Result "0-1"]
[WhiteElo "2411"]
[BlackElo "2545"]

1.c4 c6 2.Nf3 d5 3.d4 Nf6 4.Bg5 e6 5.Bxf6 h6 6.e3 Qxf6 7.Bd3 Nd7 8.O-O g6
9.b4 Bg7 10.a4 O-O 11.a5 b6 12.b5 Rb8  0-1

[Event "WJun Girls"]
[Site "Instanbul TUR"]
[Date "2005.11.12"]
[Round "4"]
[White "Topel,Z"]
[Black "Frank Nielsen,M"]
[Result "1-0"]
[WhiteElo "2105"]
[BlackElo "1919"]

1.c4 c6 2.e4 e5 3.Nf3 d6 4.h3 Be7 5.Nc3 Nf6 6.Be2 Nbd7 7.O-O Nc5 8.d3 h6
9.Be3 Ne6 10.d4 exd4 11.Nxd4 Nxd4 12.Bxd4 O-O 13.Qc2 a6 14.a4 Bd7 15.a5 c5
16.Be3 b6 17.b4 bxa5 18.bxc5 dxc5 19.e5 Nh7 20.Nd5 Ng5 21.Rfd1 Ne6 22.Qd2 Bc6
23.Qxa5 Bxd5 24.cxd5 Qxa5 25.Rxa5 Nd4 26.Bxd4 cxd4 27.Rxd4 Rfc8 28.Rxa6 Rc1+
29.Kh2 Rb8 30.Rda4 Bg5 31.g3 Kh7 32.Bd3+  1-0

[Event "Bundesliga 2005-6"]
[Site "Koeln GER"]
[Date "2005.11.12"]
[Round "3"]
[White "Gurevich,M"]
[Black "Lemmers,O"]
[Result "1/2-1/2"]
[WhiteElo "2652"]
[BlackElo "2425"]

1.c4 c6 2.Nf3 d5 3.e3 Nf6 4.d4 Bf5 5.Nc3 e6 6.Nh4 Bg6 7.Nxg6 hxg6 8.Bd2 Nbd7
9.Rc1 a6 10.Bd3 Bd6 11.c5 Bc7 12.f4 Ng8 13.b4 g5 14.Qg4 gxf4 15.exf4 g6 16.Ne2 Nh6
17.Qf3 Qf6 18.O-O Nf5 19.Qf2 g5 20.g4 Rh3 21.fxg5 Qh8 22.Bf4 Nxd4 23.Bxc7 Nf3+
24.Qxf3 Rxf3 25.Rxf3 Ne5 26.Bxe5 Qxe5 27.g6 fxg6 28.Bxg6+ Kd7 29.Rf7+ Kc8
30.Rcf1 Kb8 31.R1f2 Ka7 32.h4 Rg8 33.h5 Qg5 34.R2f4 e5 35.R7f5 Qe7 36.Rf2 d4
37.Rf6 d3 38.Bxd3 Rxg4+ 39.Kf1 Rxb4 40.Bg6 Rh4 41.Kg2 Qxc5 42.Ng3 Qd5+ 43.R6f3 Qd7
44.Nf5 Rg4+ 45.Rg3 Qd5+ 46.Kh2 Rf4 47.Rxf4 exf4 48.Rg2 Qf3 49.h6 Qf1 50.h7 f3
51.Rg4 Qe2+ 52.Kg3 f2 53.h8=Q f1=Q 54.Qd4+ Ka8 55.Qd8+ Ka7 56.Qd4+ Ka8 57.Qd8+ Ka7
58.Qd4+  1/2-1/2

[Event "Bundesliga 2005-6"]
[Site "Koeln GER"]
[Date "2005.11.12"]
[Round "3"]
[White "Hoffmann,Mi1"]
[Black "Jackelen,T"]
[Result "1-0"]
[WhiteElo "2443"]
[BlackElo "2454"]

1.c4 c6 2.e4 d5 3.exd5 cxd5 4.cxd5 Nf6 5.Qa4+ Nbd7 6.Nc3 a6 7.Nf3 Rb8 8.d4 b5
9.Qb3 Bb7 10.Be2 Nb6 11.Bf4 Rc8 12.d6 exd6 13.a4 Nfd5 14.Nxd5 Bxd5 15.Qe3+ Be7
16.axb5 O-O 17.bxa6 Nc4 18.Qd3 Rb8 19.O-O Rxb2 20.Rfe1 Qb6 21.Qc3 Rb3 22.Qc1 Nb2
23.Qc2 Ra8 24.Nd2 Rb4 25.Bf3 Bxf3 26.Nxf3 Bf8 27.Ng5 g6 28.Qe4 Ra7 29.Qe8 Nd3
30.Ne6 fxe6 31.Bh6 Qb8 32.Qxe6+ Rf7 33.a7 Qa8 34.Qe8 Rd7 35.Qxa8  1-0

[Event "TCh-HUN 2005-6"]
[Site "Hungary HUN"]
[Date "2005.11.13"]
[Round "3"]
[White "Farkas,Ti"]
[Black "Kallai,G"]
[Result "1/2-1/2"]
[WhiteElo "2335"]
[BlackElo "2504"]

1.c4 c6 2.e4 d5 3.exd5 cxd5 4.d4 Nf6 5.Nc3 e6 6.Nf3 Bb4 7.cxd5 Nxd5 8.Bd2 O-O
9.Bd3 Nc6 10.O-O Be7 11.Qe2 Nf6 12.Be3 Nb4 13.Bc4 b6 14.Rad1 Bb7 15.Rfe1 Rc8
16.Ne5 Nbd5 17.h3 Nxc3 18.bxc3 Bd5 19.Rc1 Bxc4 20.Nxc4 Nd5 21.Bd2 b5 22.Ne5 Ba3
23.Rcd1 a6 24.c4 bxc4 25.Nxc4 Bb4 26.Rc1 Qh4 27.Bxb4 Nxb4 28.Qd2 Nd5 29.Ne5 h6
30.Nf3 Qf4 31.Rxc8 Rxc8 32.Qd3 a5 33.Qa3 Rc3 34.Qxa5 Rxf3 35.Qd8+ Kh7 36.gxf3 f6
37.Rxe6 Qc1+ 38.Kh2  1/2-1/2

[Event "WJun"]
[Site "Instanbul TUR"]
[Date "2005.11.13"]
[Round "5"]
[White "Rau,H"]
[Black "Wang Yue"]
[Result "0-1"]
[WhiteElo "2421"]
[BlackElo "2585"]

1.c4 c6 2.Nf3 d5 3.d4 Nf6 4.a4 dxc4 5.Nh4 Bf5 6.Nxf5 e6 7.e3 exf5 8.Bxc4 Bb4+
9.Bd2 Bf8 10.Bc3 a6 11.Qc2 g6 12.f4 c5 13.d5 Bg7 14.Be5 Ne4  0-1

[Event "WJun"]
[Site "Instanbul TUR"]
[Date "2005.11.13"]
[Round "5"]
[White "Amanov,M"]
[Black "Sulashvili,M"]
[Result "1/2-1/2"]
[WhiteElo "2273"]
[BlackElo "2386"]

1.c4 c6 2.e4 d5 3.exd5 cxd5 4.d4 Nf6 5.Nc3 e6 6.Nf3 Bb4 7.Bd3 dxc4 8.Bxc4 O-O
9.O-O b6 10.Bg5 Bb7 11.Qe2 Nbd7 12.Rfd1 Bxc3 13.bxc3 Rc8 14.Ne5 Qc7 15.Nxd7 Nxd7
16.Bb5 Bd5 17.Qg4 f5 18.Qh3 h6 19.Bd2 Bc4 20.Ba4 Nf6 21.Bc2 Bd5 22.f3 Ne8
23.Re1 Nd6 24.Qg3 Nb5 25.Re5 Nxc3 26.Bd3 Qd7 27.Bxh6 Bxa2 28.Kh1 Rf7 29.Be3 Bc4
30.Bc2 a5 31.Bf2 a4 32.d5 Bxd5 33.Bxb6 Qb5 34.Qf2 Qb2 35.Ree1 Bb3 36.Rac1 Ne4
37.fxe4 Rxc2 38.Rxc2 Qxc2 39.Qxc2 Bxc2 40.exf5 exf5 41.Kg1 Rb7 42.Bc5 Be4
43.g4 g6 44.gxf5 gxf5 45.Kf2 Rb5 46.Bd6 Kf7 47.h4 Ke6 48.Bf8 Rb8 49.Bc5 Rh8
50.Ra1 Kd5 51.Be7 Ke6 52.Bg5 Ra8 53.h5 Ke5 54.Bc1 Bc2 55.h6 Kf6 56.Ra2 Rc8
57.Be3 Rc4 58.Ra1 Be4 59.Kg3 Kg6 60.Rd1 Rc3 61.Rg1 Kh7 62.Kf2 Rc2+ 63.Ke1 Rc7
64.Rg7+  1/2-1/2

[Event "Bundesliga 2005-6"]
[Site "Leipzig GER"]
[Date "2005.11.13"]
[Round "4"]
[White "Siebrecht,S"]
[Black "Carmeille,L"]
[Result "1-0"]
[WhiteElo "2485"]
[BlackElo "2329"]

1.c4 c6 2.e4 d5 3.exd5 cxd5 4.cxd5 Nf6 5.Nc3 g6 6.Bc4 Bg7 7.Nge2 O-O 8.O-O Nbd7
9.Nf4 Nb6 10.Bb3 Bg4 11.f3 Bf5 12.d4 g5 13.Nfe2 h6 14.f4 gxf4 15.Nxf4 Qd7
16.Nh5 Nxh5 17.Qxh5 Bxd4+ 18.Kh1 Bg6 19.Qxh6 Rac8 20.Qh4 Bg7 21.Bg5 Rfe8
22.Rae1 Rc7 23.Rf3 a6 24.Bh6 Bf6 25.Qg3 Bg7 26.d6 Rc4 27.Bxg7 Kxg7 28.Bxc4 Nxc4
29.dxe7 Rxe7 30.Rxe7 Qxe7 31.Qf4 Nxb2 32.Qd4+ Kg8 33.Re3  1-0

[Event "TCh-AUT 2005-6"]
[Site "Austria AUT"]
[Date "2005.11.20"]
[Round "3"]
[White "Bunzmann,D"]
[Black "Kalod,R"]
[Result "1-0"]
[WhiteElo "2537"]
[BlackElo "2481"]

1.c4 c6 2.e4 d5 3.exd5 cxd5 4.d4 Nf6 5.Nc3 g6 6.cxd5 Bg7 7.Bb5+ Nbd7 8.d6 exd6
9.Qe2+ Kf8 10.Nf3 Nb6 11.O-O Bf5 12.Re1 a6 13.Bd3 Bxd3 14.Qxd3 Qd7 15.Bf4 Nbd5
16.Nxd5 Nxd5 17.Bg3 Bh6 18.Qa3 Kg7 19.Bxd6 Rhd8 20.Bg3 f6 21.Re2 Re8 22.Rae1 Rxe2
23.Rxe2 Rc8 24.h3 Kf7 25.Ne1 Rc1 26.Kh2 Bf8 27.Qf3 Rc4 28.Nc2 b5 29.Qe4 Nb4
30.Nxb4 Rxb4 31.Qf3 Be7 32.Rc2 Rxd4 33.Rc7 Qe6 34.Qa8 Rc4 35.Ra7 Rc8 36.Qb7 Rc6
37.Qb8 Kg7 38.Qe8 Qf7  1-0

[Event "2nd Bundesliga Ost 2005-6"]
[Site "Austria AUT"]
[Date "2005.11.20"]
[Round "4"]
[White "Hangweyrer,R"]
[Black "Galavics,H"]
[Result "1/2-1/2"]
[WhiteElo "2193"]
[BlackElo "2099"]

1.c4 c6 2.e4 d5 3.exd5 cxd5 4.d4 Nf6 5.Nc3 e6 6.Nf3 Nc6 7.c5 Ne4 8.Bd3 Nxc3
9.bxc3 e5 10.dxe5 Bxc5 11.O-O Be7 12.Re1 Bg4 13.Rb1 Rb8 14.h3 Be6 15.Nd4 Nxd4
16.cxd4 O-O 17.f4 g6 18.f5 gxf5 19.Qh5 Kh8 20.Bxf5 Bxf5 21.Qxf5 Qc8 22.Qf3 Qe6
23.Rb5 Rg8 24.Bf4 Rbc8 25.Rxb7 Bh4 26.Re2 Qf5 27.e6 f6 28.g4 h5 29.g5 Rxg5+  1/2-1/2

[Event "55th ch-GRE"]
[Site "Kalamata GRE"]
[Date "2005.11.24"]
[Round "9"]
[White "Halkias,S"]
[Black "Mastrovasilis,D"]
[Result "1/2-1/2"]
[WhiteElo "2540"]
[BlackElo "2570"]

1.c4 c6 2.d4 d5 3.Nc3 Nf6 4.Nf3 e6 5.Bg5 h6 6.Bxf6 Qxf6 7.e3 Nd7 8.a3 g6
9.b4 Bg7 10.Qb3 O-O 11.cxd5 cxd5 12.a4 Qe7 13.Be2 Nf6 14.O-O Bd7 15.Ne5 Rfc8
16.Nxd7 Qxd7 17.a5 Qc6 18.Na4 Ne4 19.b5 Qd6 20.Qa3 Qxa3 21.Rxa3 Bf8 22.Ra2 Bb4
23.a6 b6 24.g3 Kf8 25.Rb1 Ba5 26.Kg2 Ke7 27.Bd3 Nd6 28.Rbb2 Rc7 29.Rc2 Rac8
30.Rxc7+ Rxc7 31.Ra1 Rc8 32.g4 f5 33.gxf5 exf5 34.h4 Kf6 35.Kf3 Ne4 36.Kg2 Ke6
37.Ra2 Nd6 38.Ra1 Kf7 39.Kf3 Kf6 40.Kg2 Ne4 41.Ra2 g5 42.hxg5+ hxg5 43.Rc2 Rxc2
44.Bxc2 Nd6 45.Bd3 Ke6 46.Kf3 Nc4 47.Ke2 g4 48.Bc2 Na3 49.Bd3 Nc4 50.Bc2 Nd6
51.Bd3 Ne4 52.Bc2 Kf6 53.Bxe4 fxe4 54.Kf1 Kg5 55.Kg1 Kh5 56.Kh1  1/2-1/2

[Event "65th ch-ITA"]
[Site "Cremona ITA"]
[Date "2005.11.25"]
[Round "3"]
[White "Contin,D"]
[Black "Cacco,C"]
[Result "1-0"]
[WhiteElo "2385"]
[BlackElo "2393"]

1.c4 c6 2.e4 d6 3.Nc3 e5 4.g3 f5 5.d4 Be7 6.dxe5 dxe5 7.Qh5+ g6 8.Qe2 Nf6
9.Bh3 fxe4 10.Bh6 Nbd7 11.O-O-O Qa5 12.Kb1 Bf8 13.Bg5 Bg7 14.a3 O-O 15.Be6+ Kh8
16.h4 Nc5 17.Bxc8 Raxc8 18.Nh3 Rcd8 19.h5 gxh5 20.Bxf6 Bxf6 21.Qxh5 Qc7 22.b4 Ne6
23.Nxe4 Rxd1+ 24.Rxd1 Nd4 25.f4 Bg7 26.Nhg5 h6 27.Qg6 hxg5 28.Rh1+ Kg8 29.Nxg5 Rf6
30.Rh8+  1-0

[Event "TCh-HUN 2005-6"]
[Site "Hungary HUN"]
[Date "2005.11.27"]
[Round "4"]
[White "Stohl,I"]
[Black "Banusz,T"]
[Result "1/2-1/2"]
[WhiteElo "2533"]
[BlackElo "2460"]

1.c4 c6 2.e4 d5 3.exd5 cxd5 4.d4 Nf6 5.Nc3 Nc6 6.Bg5 dxc4 7.d5 Ne5 8.Qd4 h6
9.Bf4 Ng6 10.Bxc4 Nxf4 11.Qxf4 g5 12.Qd2 Bg7 13.Nf3 O-O 14.O-O Qd6 15.Rfe1 Bd7
16.Qe2 Rac8 17.Bb3 Rfe8 18.Ne5 a6 19.Rad1 b5 20.h3 b4 21.Nxd7 bxc3 22.Nxf6+  1/2-1/2

[Event "WCC"]
[Site "Khanty Mansyisk RUS"]
[Date "2005.11.27"]
[Round "1.1"]
[White "Aronian,L"]
[Black "Frhat,A"]
[Result "1-0"]
[WhiteElo "2724"]
[BlackElo "2306"]

1.c4 c6 2.e4 d5 3.exd5 cxd5 4.d4 Nf6 5.Nc3 g6 6.Nf3 Bg7 7.Be2 O-O 8.O-O dxc4
9.Bxc4 Bg4 10.h3 Bxf3 11.Qxf3 Nc6 12.Rd1 Nd7 13.Be3 Nb6 14.Bb3 Na5 15.d5 Nxb3
16.axb3 Nc8 17.h4 Nd6 18.h5 Qd7 19.Bxa7 Rfc8 20.Bb6 Rxa1 21.Rxa1 Nb5 22.Na4 Nd6
23.Re1 Re8 24.Bc5 Nf5 25.Nc3 Qc7 26.Ba3 Nd4 27.Qd1 Qd7 28.Bc5 Nf5 29.b4 Rb8
30.Na4 Qc7 31.Bxe7 Qf4 32.Nc5 Be5 33.Rxe5 Qxe5 34.d6 Nd4 35.Nd7 Ne2+ 36.Kf1 Ng3+
37.fxg3 Qf5+ 38.Kg1 Qxd7 39.h6 Qe6 40.Qd4 f6 41.Bxf6  1-0

[Event "18th Belgrade Trophy"]
[Site "Obrenovac SCG"]
[Date "2005.11.27"]
[Round "6"]
[White "Milanovic,Sla"]
[Black "Bozovic,V"]
[Result "1-0"]
[WhiteElo "2287"]
[BlackElo "2183"]

1.c4 c6 2.Nf3 d5 3.d4 Nf6 4.Nc3 e6 5.e4 b5 6.Bg5 dxc4 7.e5 h6 8.Bh4 g5 9.Bg3 Nd5
10.Be2 Bb7 11.h4 g4 12.Nd2 Nxc3 13.bxc3 h5 14.Qb1 Qb6 15.Ne4 Nd7 16.a4 a6
17.O-O c5 18.dxc5 Qc6 19.axb5 axb5 20.Rxa8+ Bxa8 21.f3 Bxc5+ 22.Kh2 Rf8 23.Rd1 f5
24.exf6 Nxf6 25.Nd6+ Ke7 26.Qg6 Rg8 27.Qf7+  1-0

[Event "18th Belgrade Trophy"]
[Site "Obrenovac SCG"]
[Date "2005.11.27"]
[Round "6"]
[White "Popovic,N"]
[Black "Trisic,D"]
[Result "1-0"]
[WhiteElo "2207"]
[BlackElo "2102"]

1.c4 c6 2.Nf3 d5 3.e3 Nf6 4.d4 a6 5.Nbd2 b5 6.b3 Bg4 7.Qc2 e6 8.Bd3 Nbd7
9.Bb2 Bb4 10.O-O Rc8 11.Rac1 O-O 12.a3 Ba5 13.c5 Bxd2 14.Nxd2 Bh5 15.f3 Bg6
16.e4 dxe4 17.fxe4 Ng4 18.Rf3 Qg5 19.Rg3 h5 20.Re1 f5 21.Nf3 Qf6 22.Rh3 Rf7
23.Bc1 Nf8 24.b4 a5 25.Bb2 axb4 26.axb4 Ra8 27.exf5 exf5 28.Qb3 Ra7 29.Nh4 Qg5
30.Bc1 Qf6 31.Nf3 Re7 32.Rf1 Nh7 33.Bb1 Kh8 34.Bb2 Re2 35.Bd3 Re3 36.Ne5 Rxh3
37.gxh3 Ne3 38.Rf3 f4 39.Nxg6+ Qxg6+ 40.Bxg6  1-0

[Event "ch-ROM w"]
[Site "Baile Tusnad ROM"]
[Date "2005.11.30"]
[Round "5"]
[White "Olarasu,G"]
[Black "Dragomirescu,An"]
[Result "1/2-1/2"]
[WhiteElo "2323"]
[BlackElo "2249"]

1.c4 c6 2.d4 d5 3.Nf3 dxc4 4.e3 Be6 5.a4 Nf6 6.Na3 c5 7.Nxc4 Nc6 8.Nce5 cxd4
9.Nxc6 bxc6 10.exd4 g6 11.Be2 Bg7 12.O-O O-O 13.Ne5 Bd5 14.a5 Rb8 15.Ra3 Nd7
16.Nc4 Rb4 17.b3 Qc7 18.Bd2 Rbb8 19.Be3 Rfe8 20.Qd2 e5 21.dxe5 Nxe5 22.Bf4 Qe7
23.Qc1 Nxc4 24.bxc4 Bb2 25.Qe3 Bxa3 26.Qxe7 Bxe7 27.Bxb8 Rxb8 28.cxd5 cxd5
29.Rd1 Rd8 30.a6 d4 31.g3 Kg7 32.h4 h5 33.Kg2 Kf6 34.Bc4 Bc5 35.Rd3 Rd7 36.Rf3+ Kg7
37.Rb3 Bb6 38.Kf3 Rc7 39.Bd5 Rc3+ 40.Ke4 Rxb3 41.Bxb3 d3 42.f3 d2 43.g4 Bf2
44.Kd3 Be1 45.gxh5 gxh5 46.Ke2 Kg6 47.Bd5 f6 48.Be6 f5 49.Bd7 Bxh4 50.Kxd2 Kg5
51.Ke2 Bg3 52.Kf1 h4 53.Kg2 Kf4 54.Be6 Ke3 55.Bd7 f4 56.Bc6  1/2-1/2

[Event "2nd Bundesliga West 2005-6"]
[Site "Austria AUT"]
[Date "2005.12.02"]
[Round "3"]
[White "Hackbarth,W"]
[Black "Gerhold,M"]
[Result "0-1"]
[WhiteElo "2135"]
[BlackElo "2209"]

1.c4 c6 2.d4 d5 3.Nf3 e6 4.Qc2 Nf6 5.Bg5 Nbd7 6.e3 Qa5+ 7.Nbd2 Ne4 8.Bf4 Bb4
9.Bd3 Ndf6 10.Ke2 Nxd2 11.Nxd2 dxc4 12.Nxc4 Qh5+ 13.f3 Nd5 14.Bg3 Qh6 15.Bf2 O-O
16.a3 Be7 17.h4 c5 18.dxc5 Bxc5 19.b4 Be7 20.e4 Nf4+ 21.Kf1 Nxd3 22.Qxd3 Rd8
23.Qe3 Qxe3 24.Bxe3 Bd7 25.Kf2 Bb5 26.Ne5 f6 27.Ng4 h5 28.Nh2 f5 29.exf5 Bxh4+
30.g3 Bf6 31.Rac1 exf5 32.Rc5 Bd3 33.Rc7 a5 34.b5 Bxb5 35.Rxb7 Ba4 36.Rc1 Rac8
37.g4 Rxc1 38.Bxc1 Rd1 39.Be3 Bh4+ 40.Ke2 Rh1 41.Nf1 hxg4 42.fxg4 f4 43.Bxf4 Bd1+
44.Ke3 Rxf1 45.g5 Rf3+ 46.Ke4 Rxa3 47.Kf5 Bc2+ 48.Ke6 Rb3 49.Rc7 Rb6+ 50.Ke7  0-1

[Event "ch-ROM"]
[Site "Baile Tusnad ROM"]
[Date "2005.12.03"]
[Round "8"]
[White "Grunberg,M"]
[Black "Ionescu,M"]
[Result "1/2-1/2"]
[WhiteElo "2409"]
[BlackElo "2389"]

1.c4 c6 2.Nf3 Nf6 3.g3 d5 4.Bg2 Bg4 5.O-O e6 6.cxd5 Bxf3 7.Bxf3 cxd5 8.d3 Nc6
9.e4 Be7 10.Nc3 dxe4 11.dxe4 O-O 12.Be3 Qxd1 13.Rfxd1 Rfd8 14.e5 Nd7 15.Bxc6 bxc6
16.f4 f6 17.exf6 gxf6 18.Kf2 Nb6 19.Rxd8+ Rxd8 20.Rc1 Nc4 21.b3 Nxe3 22.Kxe3 Bc5+
23.Ke2 Bb4 24.Rc2 f5 25.Nd1 Kf7 26.Nf2 Rc8 27.Nd3 Bd6 28.b4 Ke7 29.Ke3 Kd7
30.Kd4 a5 31.bxa5 Ra8 32.Nc5+ Bxc5+ 33.Rxc5 Kd6 34.Kc4 h5 35.Re5 Ra7 36.a3 Ra8
37.Kb4 Rb8+ 38.Ka4 Ra8 39.Re3 Ra7 40.Rb3 Kc7 41.Rd3 Ra8 42.h3 Ra7 43.g4 fxg4
44.hxg4 hxg4 45.Rg3 Kd6 46.Rxg4 Ra8 47.Rg7 Ra6 48.Rg6 Kd5 49.Rg8 Kd6 50.Rd8+ Kc7
51.Rh8 Kd6 52.Rh6 Kd5 53.Rh5+ Kd6 54.Kb4 Ra8 55.Kc4 Ra7 56.Kd4 Ra8 57.Kc4 Ra7
58.Kb4 Ra8 59.f5 exf5 60.Rxf5 Rb8+ 61.Kc4 Ra8 62.Rf6+ Kd7 63.Kb4  1/2-1/2

[Event "TCh-CZE Extraliga 2005-6"]
[Site "Czech Rep CZE"]
[Date "2005.12.03"]
[Round "5"]
[White "Sikora Lerch,J"]
[Black "Vechet,S"]
[Result "1-0"]
[WhiteElo "2313"]
[BlackElo "2262"]

1.c4 c6 2.g3 d5 3.Bg2 Nf6 4.Nf3 Bf5 5.cxd5 cxd5 6.Qb3 Qb6 7.Nd4 Qxd4 8.Qxb7 Qc5
9.Nc3 Qc6 10.Nxd5 Ne4 11.Qxc6+ Nxc6 12.d3 Nd6 13.Nc7+ Kd7 14.Nxa8 e5 15.Bd2 Be7
16.Bxc6+ Kxc6 17.Rc1+ Kd7 18.Rc7+ Ke6 19.Rxa7 Nb5 20.Ra6+ Bd6 21.Nb6 Nc7
22.Ra5  1-0

[Event "TCh-HUN 2005-6"]
[Site "Hungary HUN"]
[Date "2005.12.04"]
[Round "5"]
[White "Almasi,I"]
[Black "Szalai,K"]
[Result "1-0"]
[WhiteElo "2440"]
[BlackElo "2306"]

1.c4 c6 2.e4 d5 3.cxd5 cxd5 4.exd5 Qxd5 5.Nc3 Qa5 6.d4 Nf6 7.Nf3 e6 8.Bd3 Be7
9.O-O O-O 10.Bg5 Nbd7 11.a3 Qd8 12.Bc2 b6 13.Qd3 Bb7 14.Rad1 Re8 15.Rfe1 Rc8
16.Bb3 Nf8 17.Ne5 Nd5 18.Bc1 Ng6 19.Ne4 Rc7 20.Qg3 Nf6 21.Nxf7 Nxe4 22.Nxd8 Nxg3
23.Nxe6 Rxc1 24.Rxc1 Nf5 25.Ng5+ Kh8 26.Nf7+ Kg8 27.Nd6+ Kf8 28.Nxf5 Ba6
29.Rc7 Bd3 30.Nxe7 Nxe7 31.Re3 Bf5 32.Ba4  1-0

[Event "TCh-HUN 2005-6"]
[Site "Hungary HUN"]
[Date "2005.12.04"]
[Round "5"]
[White "Berkes,F"]
[Black "Varga,P1"]
[Result "1/2-1/2"]
[WhiteElo "2596"]
[BlackElo "2415"]

1.c4 c6 2.e4 d5 3.exd5 cxd5 4.d4 e6 5.Nc3 Bb4 6.cxd5 exd5 7.Qa4+ Nc6 8.Bb5 Bd7
9.Ne2 a6 10.Bxc6 Bxc3+ 11.Nxc3 Bxc6 12.Qb3 Ne7 13.O-O O-O 14.Bg5 Re8 15.Rfe1 Qd6
16.Bxe7 Rxe7 17.Rxe7 Qxe7 18.h3 a5 19.Rd1 Qb4 20.Qc2 Re8 21.a3 Qd6 22.Qd2 h6
23.Rc1 Re6 24.Nd1 Qd8 25.Rc5 Qg5 26.Qxg5 hxg5 27.Ne3 b6 28.Rc3 g6 29.f3 f6
30.Kf2 Kf7 31.g3 Ke7 32.Rb3 Bb7 33.Rb5 Rd6 34.f4 gxf4 35.gxf4 Ke6 36.f5+ gxf5
37.Kg3 Ba6 38.Rb3 Bc4 39.Rc3 b5 40.Rc2 Rd8 41.h4 Rh8 42.Rh2 Bd3 43.h5 Be4
44.Kf4 b4 45.axb4 axb4 46.Nf1 Rg8 47.Ne3 Rh8 48.Rh4 Rh6 49.Nf1 Bc2 50.Ng3 Be4
51.Rh2 b3 52.Rh4 Bc2 53.Rh1 Be4 54.Ra1 Rh8 55.Ra6+ Ke7 56.Ra7+ Ke6 57.Rg7 Bc2
58.Rb7 Kd6 59.Ke3 Rh6 60.Rb6+ Ke7 61.Rb8 Kd7 62.Rb5 Kd6 63.Kf4 Rh8 64.Rb6+ Ke7
65.Ke3 Rh6 66.Rxb3 Bxb3 67.Nxf5+ Ke6 68.Nxh6 Bd1 69.Kf4 Bxh5 70.Nf5 Bg6 71.Ne3 Bd3
72.Nd1 Kd6 73.Nf2 Bc2 74.Ng4  1/2-1/2

[Event "TCh-HUN 2005-6"]
[Site "Hungary HUN"]
[Date "2005.12.04"]
[Round "5"]
[White "Kiss,At"]
[Black "Kallai,G"]
[Result "0-1"]
[WhiteElo "2412"]
[BlackElo "2504"]

1.c4 c6 2.Nf3 d5 3.e3 Nf6 4.Nc3 a6 5.d4 b5 6.b3 Bg4 7.Be2 Nbd7 8.O-O e6 9.Bb2 Bd6
10.h3 Bh5 11.Ne5 Bxe2 12.Nxe2 Qc7 13.cxd5 cxd5 14.Rc1 Qb8 15.Nxd7 Kxd7 16.f3 Qb7
17.e4 dxe4 18.d5 Qxd5 19.fxe4 Qxe4 20.Rf4 Qe3+ 21.Kh1 Ne4 22.Qc2 Rhc8 23.Qxe4 Bxf4
24.Rd1+ Ke8 25.Qxh7 Qxe2 26.Qh8+ Ke7 27.Qh4+ f6 28.Bxf6+ Kf7 29.Rd7+ Kg6
30.Rxg7+ Kf5 31.Qh7+ Kxf6 32.Rf7+ Ke5 33.Qg7+ Ke4 34.Qg6+ Kd5 35.Rxf4 Rg8  0-1

[Event "ch-ROM"]
[Site "Baile Tusnad ROM"]
[Date "2005.12.06"]
[Round "11"]
[White "Valeanu,E"]
[Black "Kutnik,A"]
[Result "1-0"]
[WhiteElo "2380"]
[BlackElo "2192"]

1.c4 c6 2.b3 d5 3.e3 Nf6 4.Bb2 Bf5 5.f4 e6 6.Nf3 Nbd7 7.Be2 Be7 8.O-O Bg4
9.Ne5 Bxe2 10.Qxe2 O-O 11.d3 Nxe5 12.fxe5 Nd7 13.Nd2 Qb6 14.Rae1 Bb4 15.Rd1 Bxd2
16.Rxd2 a5 17.Bd4 Qb4 18.Rc1 Qe7 19.Qg4 a4 20.Bc3 axb3 21.axb3 Qc5 22.Qe2 Ra3
23.Rb2 Rfa8 24.b4 Qa7 25.cxd5 exd5 26.Bd4 Qb8 27.Qh5 Ra1 28.Rbb1 Rxb1 29.Rxb1 Nf8
30.Bc5 Ng6 31.Bd6 Qe8 32.Qf5 Rd8 33.d4 f6 34.Ra1 fxe5 35.dxe5 Qf7 36.Qg5 Re8
37.Ra7 h6 38.Qg3 Kh7 39.h3 Re6 40.h4 Re8 41.h5 Nf8 42.Qf3 Qg8 43.Qf5+ Kh8
44.Rxb7 Ne6 45.Qg6 Ra8 46.Re7 Nf8 47.Qf5 Nh7 48.e6 Re8 49.Rxg7 Qxg7 50.Be5 Qxe5
51.Qxe5+ Kg8 52.Qd6 Ng5 53.Qxc6 Rxe6 54.Qxd5 Kf7 55.b5 Kf6 56.b6  1-0